[Event "HCL-A2550"]
[Site "www.playchess.de"]
[Date "2006.02.06"]
[Round "4"]
[White "Aggie"]
[Black "Reinbo"]
[WhiteElo "1342"]
[BlackElo "1770"]
[PlyCount "112"]
[Result "0-1"]

1.e4 c5 2.Nf3 e6 3.Bc4 Nc6 4.d3 a6 5.O-O d5 6.exd5 
exd5 7.Re1+ Be7 8.Bb3 Bg4 9.c3 d4 10.Bf4 Nf6 11.h3 
Bh5 12.Nbd2 O-O 13.cxd4 Nxd4 14.g4 Nxf3+ 15.Nxf3 
Bg6 16.Ne5 Bd6 17.Qf3 Qc7 18.Nxg6 hxg6 19.Bxd6 
Qxd6 20.Qxb7 Qxd3 21.Rad1 Qxh3 22.Bxf7+ Kh7 23.Be6 
Nxg4 24.Bxg4 Qxg4+ 25.Qg2 Qf5 26.Rd5 Qc2 27.f3 
Qxg2+ 28.Kxg2 Rab8 29.b3 Rf5 30.Rd6 Rbf8 31.Re3 
R5f6 32.Rd7 R8f7 33.Rd5 Rc7 34.Re4 Kg8 35.Kg3 Kf7 
36.f4 Re6 37.Rc4 Re2 38.Rdxc5 Rxc5 39.Rxc5 Rxa2 
40.Rc7+ Kg8 41.Rb7 a5 42.Rb6 Kh7 43.Kg4 a4 44.bxa4 
Rxa4 45.Rb3 Ra1 46.Rh3+ Kg8 47.Rg3 Rh1 48.Kf3 Kh7 
49.Kg4 Rh5 50.Kf3 Kh6 51.Kg4 g5 52.f5 Rh4+ 53.Kf3 
Rf4+ 54.Kg2 Rxf5 55.Rh3+ Kg6 56.Kg3 
Ra5 0-1

[Event "HCL-E1514"]
[Site "www.playchess.de"]
[Date "2006.02.06"]
[Round "5"]
[White "richard"]
[Black "gambitfan"]
[WhiteElo "1736"]
[BlackElo "1350"]
[PlyCount "65"]
[Result "1-0"]

1.e4 c5 2.Nf3 d6 3.Bb5+ Bd7 4.Nc3 Nc6 5.O-O Nf6 
6.Re1 e6 7.d4 cxd4 8.Nxd4 Nxd4 9.Qxd4 a6 10.Bf1 
Be7 11.h3 O-O 12.Be3 b5 13.f4 Rc8 14.a3 Nh5 15.Bd3 
Bc6 16.Ne2 Bf6 17.e5 dxe5 18.fxe5 Bh4 19.Ref1 Ng3 
20.Nxg3 Bxg3 21.Qg4 Bxe5 22.Bxh7+ Kxh7 23.Qh5+ Kg8 
24.Qxe5 Qd5 25.Qg3 Rfd8 26.c3 Qc4 27.Rf4 Qe2 
28.Rg4 Rd1+ 29.Rxd1 Qxd1+ 30.Kh2 g6 31.Rxg6+ fxg6 
32.Qxg6+ Kf8 33.Bc5+ {bye till next we meet} 
 1-0

[Event "HCL-C4127"]
[Site "www.playchess.de"]
[Date "2006.02.06"]
[Round "3"]
[White "Skipper_Robert"]
[Black "spartan1"]
[WhiteElo "958"]
[BlackElo "912"]
[PlyCount "51"]
[Result "1-0"]

1.Nf3 {once more, good luck}  d5 {I am just 
glutten for punishment.}  2.d4 Nf6 {A glutten.}  
3.e3 Bg4 4.Be2 h6 5.Nc3 e6 6.h3 Bxf3 7.Bxf3 Bb4 
8.Bd2 c6 9.Qe2 Nbd7 10.a3 Bxc3 11.Bxc3 O-O 12.g4 
Ne4 13.Bxe4 dxe4 14.O-O-O b6 15.f3 Rc8 16.fxe4 Nf6 
17.Qf3 a5 18.h4 Qe7 19.g5 a4 20.gxh6 Kh7 21.hxg7 
Rfg8 22.Rdg1 c5 23.dxc5 Rxc5 24.Bxf6 Qc7 {It just 
keeps getteing worse.}  25.Rg2 e5 
26.Qh5+ 1-0

[Event "HCL-E1570"]
[Site "www.playchess.de"]
[Date "2006.02.06"]
[Round "14"]
[White "alldrix"]
[Black "Jule"]
[WhiteElo "1624"]
[BlackElo "1413"]
[PlyCount "61"]
[Result "1-0"]

1.e4 {hi Jule!}  e6 {Hi, good luck to this game}  
2.d4 c5 3.Nf3 cxd4 4.Nxd4 Nc6 5.Nxc6 bxc6 6.Nc3 h6 
7.Be2 Nf6 8.O-O Bc5 9.e5 Nd5 10.Ne4 Bb6 11.Nd6+ 
Ke7 12.c4 Nc7 13.b4 a5 14.Bd2 Ne8 15.c5 Bc7 16.Bh5 
g6 17.Qf3 Bxd6 18.exd6+ Kf8 19.Bxg6 f5 20.Qh5 Kg7 
21.Bxe8 Rxe8 22.Bc3+ e5 23.Qxf5 Re6 24.Bxe5+ Kg8 
25.Rfe1 Ba6 26.Re3 Qe8 27.Rg3+ Rg6 28.Rxg6+ Qxg6 
29.Qxg6+ Kf8 30.Qg7+ Ke8 31.Qe7+ 1-0

[Event "HCL-C3980"]
[Site "www.playchess.de"]
[Date "2006.02.06"]
[Round "5"]
[White "JerryReneau"]
[Black "Dereck"]
[WhiteElo "1117"]
[BlackElo "1371"]
[PlyCount "103"]
[Result "1-0"]

1.d4 d5 2.e3 Nf6 3.Bb5+ c6 4.Bd3 Bg4 5.Nf3 e6 6.c4 
Bb4+ 7.Bd2 Bxd2+ 8.Nbxd2 Nbd7 9.h3 Bxf3 10.Nxf3 
dxc4 11.Bxc4 Nd5 12.O-O N7f6 13.Bxd5 cxd5 14.Qa4+ 
Nd7 15.Ne5 a6 16.Nxd7 Qxd7 17.Qxd7+ Kxd7 18.Rac1 
b5 19.b4 Rhb8 20.Rc3 Rb7 21.Rfc1 f6 22.g4 g6 23.f4 
g5 24.f5 e5 25.dxe5 fxe5 26.R3c5 d4 27.exd4 exd4 
28.Rd5+ Ke7 29.Re1+ Kf7 30.Rxd4 Rh8 31.Rd6 Rc7 
32.Rxa6 Rhc8 33.Rb6 R7c2 34.Rb7+ Kg8 35.Rxb5 Rxa2 
36.Rb1 Rcc2 37.Rc5 Rcg2+ 38.Kh1 Rgh2+ 39.Kg1 Rxh3 
40.b5 Rg3+ 41.Kh1 Rxg4 42.b6 Ra3 43.Kh2 Rh4+ 
44.Kg2 Rg4+ 45.Kf2 Rf4+ 46.Ke2 Re4+ 47.Kd2 Rae3 
48.b7 R3e2+ 49.Kc3 R2e3+ 50.Kc2 R3e2+ 51.Kb3 R2e3+ 
52.Rc3 1-0

[Event "HCL-E1526"]
[Site "www.playchess.de"]
[Date "2006.02.07"]
[Round "5"]
[White "BohdanL"]
[Black "PieceSeeker3"]
[WhiteElo "1466"]
[BlackElo "1585"]
[PlyCount "52"]
[Result "0-1"]

1.Nf3 {Hi, Merry Christmass, and have good game}  
c5 {You too}  2.c4 Nc6 3.g3 Nf6 4.Bg2 e5 5.Nc3 g6 
6.O-O Bg7 7.d3 O-O 8.Rb1 Re8 9.Bg5 d6 10.Nd5 e4 
11.Bxf6 Bxf6 12.Nxf6+ Qxf6 13.dxe4 Rxe4 14.Nd2 Re8 
15.Ne4 Qe6 16.Nxd6 Rd8 17.Bd5 Qxd6 18.e3 Bh3 
19.Re1 Qc7 20.Qf3 Ne5 21.Qf4 Rab8 22.Kh1 Qe7 
23.Rbd1 Bg4 24.Bxf7+ Qxf7 25.Rxd8+ Rxd8 26.Qxe5 
Qf3+ 0-1

[Event "HCL-A2583"]
[Site "www.playchess.de"]
[Date "2006.02.07"]
[Round "1"]
[White "victorabiodun03"]
[Black "jerrylaine"]
[WhiteElo "1357"]
[BlackElo "1592"]
[PlyCount "80"]
[Result "0-1"]

1.e4 e6 {Greetings from Helsinki!}  2.d3 c5 3.Nf3 
Nc6 4.Nbd2 d5 5.e5 Nge7 6.Nb3 Ng6 7.Bg5 Qc7 8.Be2 
Ncxe5 9.d4 Nxf3+ 10.Bxf3 c4 11.Nc1 Be7 12.Bxe7 
Qxe7 13.O-O Qg5 14.Ne2 Nf4 15.Nxf4 Qxf4 16.Re1 O-O 
17.g3 Qf6 18.c3 Bd7 19.Bg2 a5 20.Qf3 Qxf3 21.Bxf3 
b5 22.Re2 b4 23.Bg2 bxc3 24.bxc3 Rfb8 25.f4 a4 
26.f5 a3 27.fxe6 Bxe6 28.Re5 Ra5 29.Rae1 g6 30.Kf2 
Rb2+ 31.R1e2 Bg4 32.Bf3 Bxf3 33.Kxf3 {(offering 
draw)}  Rxe2 34.Rxe2 Rb5 35.Rd2 Rb2 36.Ke3 
{(offering draw)}  Kg7 37.Ke2 Kf6 38.Kd1 Rxd2+ 
39.Kxd2 Kf5 40.h3 Ke4 0-1

[Event "HCL-C4123"]
[Site "www.playchess.de"]
[Date "2006.02.07"]
[Round "18"]
[White "JMD"]
[Black "tbouma"]
[WhiteElo "1280"]
[BlackElo "1165"]
[PlyCount "20"]
[Result "1-0"]

1.d4 {hello from Paris}  d5 {greetings from 
Ottawa, Canada!}  2.e4 dxe4 3.Nc3 Nf6 4.f3 e6 
5.fxe4 Bb4 6.Bg5 O-O 7.Qd3 Nc6 8.O-O-O Bxc3 9.Qxc3 
Nxe4 10.Bxd8 Rxd8 1-0

[Event "HCL-A2546"]
[Site "www.playchess.de"]
[Date "2006.02.07"]
[Round "7"]
[White "hreed"]
[Black "kylejmiles"]
[WhiteElo "1477"]
[BlackElo "1472"]
[PlyCount "35"]
[Result "1-0"]

1.e4 {welcome from Boston, good chess!}  c5 2.Nf3 
Nc6 3.Bb5 a6 4.Bxc6 bxc6 5.O-O Nf6 6.e5 Nd5 7.c4 
Nc7 8.d4 cxd4 9.Qxd4 Ne6 10.Qh4 g6 11.Bh6 Bg7 
12.Nc3 O-O 13.Ne4 d5 14.Rad1 f5 15.Neg5 Nxg5 
16.Nxg5 e6 17.Bxg7 Kxg7 18.Qxh7+ 1-0

[Event "HCL-A2588"]
[Site "www.playchess.de"]
[Date "2006.02.07"]
[Round "10"]
[White "Djusta"]
[Black "victorabiodun03"]
[WhiteElo "1268"]
[BlackElo "1378"]
[PlyCount "52"]
[Result "0-1"]

1.e4 e6 2.d4 d5 3.Nc3 Nf6 4.e5 Nfd7 5.Nf3 c5 6.Bg5 
Qb6 7.b3 Nc6 8.Bb5 Nxd4 9.Bxd7+ Bxd7 10.O-O Nxf3+ 
11.Qxf3 Qb4 12.Rfd1 Bc6 13.Qg3 h6 14.Bd2 Qb6 
15.Be3 d4 16.Bxh6 {I knew it...}  Rxh6 17.Ne2 Rg6 
18.Qxg6 fxg6 19.c3 O-O-O 20.cxd4 cxd4 21.Rd2 Bb4 
22.Rdd1 d3 23.Nf4 d2 24.Nxe6 Bc3 25.Nxd8 Qxd8 
26.Rab1 Be4 0-1

[Event "HCL-E1556"]
[Site "www.playchess.de"]
[Date "2006.02.07"]
[Round "5"]
[White "treebeard"]
[Black "Matu"]
[WhiteElo "1608"]
[BlackElo "1551"]
[PlyCount "41"]
[Result "1/2-1/2"]

1.e4 {Hello from marseille}  c6 {hello from amberg 
and good luck}  2.d4 {Hello from marseille and 
good tournament}  d5 {hello from amberg and good 
luck}  3.Nc3 dxe4 4.Nxe4 Nf6 5.Nxf6+ exf6 6.Nf3 
Bg4 7.Be2 Bd6 8.Nd2 Qe7 9.Nc4 Qxe2+ 10.Qxe2+ Bxe2 
11.Kxe2 Bc7 12.Re1 O-O 13.Kf1 Na6 14.c3 Rfe8 
15.Bd2 Kf8 16.Re3 Rxe3 17.Nxe3 Rd8 18.Re1 Bf4 
19.Nc4 Bxd2 20.Nxd2 Nc7 21.Ne4 {(offering draw) 
What about a draw?}  1/2-1/2

[Event "HCL-B3770"]
[Site "www.playchess.de"]
[Date "2006.02.07"]
[Round "6"]
[White "arsenio"]
[Black "dg"]
[WhiteElo "1116"]
[BlackElo "1257"]
[PlyCount "90"]
[Result "1/2-1/2"]

1.e4 e5 2.Nf3 d6 3.d4 exd4 4.Nxd4 Nf6 5.Nc3 c5 
6.Nb3 g6 7.f3 Bg7 8.Be3 O-O 9.Be2 Nfd7 10.O-O Ne5 
11.f4 Nec6 12.Bf3 Na6 13.Kh1 Ncb4 14.Rb1 Bxc3 
15.bxc3 Nxa2 16.f5 Bd7 17.Qxd6 Nxc3 18.Rbc1 Qc7 
19.Qxc7 Nxc7 20.Bxc5 Rfe8 21.Rfe1 gxf5 22.exf5 
Rxe1+ 23.Rxe1 Bxf5 24.Re3 N3d5 25.Bxd5 Nxd5 26.Re5 
Bxc2 27.Rxd5 Bxb3 28.Rd7 Rc8 29.Bxa7 b5 30.h4 Bc4 
31.Rb7 f5 32.Kg1 Rf8 33.Bc5 Rf7 34.Rb8+ Kg7 
35.Bd4+ Kg6 36.Rb6+ Kh5 37.Bf6 b4 38.Bg5 b3 39.Bf6 
Bd3 40.Rxb3 Rxf6 41.Rxd3 Kxh4 42.Rh3+ Kg4 43.Rxh7 
f4 44.Rh3 Rb6 45.Rf3 Rb4 {(offering draw)} 
 1/2-1/2

[Event "HCL-B3778"]
[Site "www.playchess.de"]
[Date "2006.02.07"]
[Round "4"]
[White "arsenius"]
[Black "Kannsnich"]
[WhiteElo "864"]
[BlackElo "1188"]
[PlyCount "60"]
[Result "0-1"]

1.e4 c6 2.d4 d5 3.e5 Bf5 4.h4 h5 5.c4 e6 6.Nc3 Nd7 
7.cxd5 cxd5 8.Bg5 Be7 9.Qb3 Qb6 10.Qxb6 Nxb6 
11.Bxe7 Nxe7 12.Nf3 a6 13.Be2 Rc8 14.Rd1 Nc4 
15.Bxc4 Rxc4 16.Kf1 Bg4 17.Rd3 Bxf3 18.gxf3 Nf5 
19.Ne2 O-O 20.Rg1 Nxh4 21.Rh1 Ng6 22.Rxh5 Rfc8 
23.f4 R4c2 24.Rdh3 Rxe2 25.f5 exf5 26.Rxf5 Re4 
27.Rhf3 Rc1+ 28.Kg2 Nh4+ 29.Kg3 Nxf3 30.Rxf3 
Rxd4 0-1

[Event "HCL-A2565"]
[Site "www.playchess.de"]
[Date "2006.02.07"]
[Round "3"]
[White "carrillero"]
[Black "Maahinen"]
[WhiteElo "1604"]
[BlackElo "1691"]
[PlyCount "46"]
[Result "0-1"]

1.e4 {Good luck}  c6 {good luck to you too}  2.d4 
d5 3.Nc3 dxe4 4.Nxe4 Bf5 5.Ng3 Bg6 6.Nf3 Nd7 7.Bd3 
Bxd3 8.Qxd3 Ngf6 9.O-O e6 10.Re1 Be7 11.Bg5 O-O 
12.Ne4 Nxe4 13.Bxe7 Qxe7 14.Rxe4 Nf6 15.Rae1 Nxe4 
16.Rxe4 Qf6 17.Ne5 Rfd8 18.g3 c5 19.Rf4 Rxd4 
20.Rxf6 Rxd3 21.Nxd3 gxf6 22.Nxc5 Rc8 23.Nxb7 
Rxc2 0-1

[Event "HCL-E1500"]
[Site "www.playchess.de"]
[Date "2006.02.07"]
[Round "10"]
[White "Roadkill"]
[Black "ados99"]
[WhiteElo "1858"]
[BlackElo "1431"]
[PlyCount "71"]
[Result "1-0"]

1.d4 {hi good luck}  d6 2.c4 g6 {Good Luck to 
you!}  3.e4 Bg7 4.Nc3 Nf6 5.Bd3 O-O 6.Nge2 c5 7.d5 
b6 8.O-O Bb7 9.f4 Nbd7 10.Ng3 e5 11.f5 a6 12.Be3 
Qe7 13.Rb1 Rab8 14.a3 Qd8 15.Bc2 Kh8 16.Qe2 Kg8 
17.Rf2 h5 18.Bg5 Qc8 19.Rbf1 Ng4 20.fxg6 fxg6 
21.R2xf8+ Nxf8 22.h3 Nh6 23.Qf2 Qe8 24.Ba4 Qf7 
25.Qd2 Qc7 26.Bxh6 Bxh6 27.Qxh6 Qg7 28.Qxg7+ Kxg7 
29.h4 Rd8 30.Bc6 Bxc6 31.dxc6 Rc8 32.Nd5 Rxc6 
33.a4 Nd7 34.Ne2 Rc8 35.Nec3 Rb8 
36.Nc7 1-0

[Event "HCL-C4081"]
[Site "www.playchess.de"]
[Date "2006.02.07"]
[Round "7"]
[White "newplayer"]
[Black "Farquhart"]
[WhiteElo "1085"]
[BlackElo "596"]
[PlyCount "41"]
[Result "1-0"]

1.e4 e5 2.d4 exd4 3.Qxd4 Nc6 4.Qe3 Qe7 5.a3 Nf6 
6.f3 Qe5 7.c3 Bc5 8.Qg5 h6 9.Qxg7 Rg8 10.Qxh6 Nh5 
11.Nd2 Rh8 12.Nc4 Qf6 13.Qxf6 Nxf6 14.Bf4 d5 
15.Ne5 Be6 16.Nxc6 bxc6 17.Be5 Rh6 18.Bxf6 Rxf6 
19.O-O-O Rb8 20.e5 Be3+ 21.Kc2 1-0

[Event "HCL-A2458"]
[Site "www.playchess.de"]
[Date "2006.02.07"]
[Round "17"]
[White "evets"]
[Black "ados99"]
[WhiteElo "1450"]
[BlackElo "1414"]
[PlyCount "135"]
[Result "1-0"]

1.Nf3 d6 2.d4 g6 3.Nbd2 Bg7 4.e3 Nf6 5.Bd3 O-O 
6.O-O c6 7.Re1 Nbd7 8.c3 Re8 9.e4 e5 10.b3 exd4 
11.cxd4 c5 12.e5 dxe5 13.dxe5 Nd5 14.Bb2 Nf4 
15.Bc4 Nb6 16.Re4 Nxc4 17.Rxc4 Qc7 18.Rxf4 Be6 
19.Ng5 b6 20.Qf3 Bxe5 21.Nxe6 fxe6 22.Bxe5 Qxe5 
23.Rd1 Ref8 24.Rxf8+ Rxf8 25.Nc4 Qg7 26.Qc6 Qe7 
27.h3 Qf6 28.f3 Rf7 29.Ne3 Kg7 30.Ng4 Qe7 31.Ne5 
Qc7 32.Qxc7 Rxc7 33.Rd7+ Rxd7 34.Nxd7 Kf7 35.f4 
Ke7 36.Ne5 Kd6 37.Kf2 Kd5 38.Ke3 b5 39.Kd3 a5 
40.g4 g5 41.Ke3 gxf4+ 42.Kxf4 c4 43.bxc4+ bxc4 
44.Nxc4 Kxc4 45.g5 Kd4 46.h4 e5+ 47.Kf3 Kd3 48.h5 
e4+ 49.Kf4 e3 50.g6 hxg6 51.hxg6 {This most likely 
will end up to be a draw.}  e2 52.g7 e1Q 53.g8Q 
Qe3+ 54.Kf5 Qe4+ 55.Kf6 Qf4+ 56.Ke7 Qe5+ 57.Kd7 
Qb5+ 58.Kc7 Qc5+ 59.Kd7 Qd4+ 60.Ke7 {(offering 
draw)}  Qe5+ 61.Kd7 Kd4 62.Qg4+ {(offering draw)}  
Kd5 63.Qg2+ Qe4 64.Qd2+ Qd4 65.Qxa5+ Qc5 66.Qd2+ 
Qd4 67.Qg5+ Qe5 {(offering draw)}  68.Qxe5+ {You 
should have taken my offer for a draw before.  Now 
68. QxQ, KxQ 69. Kc6, Kd4 70. Kb5, any K move 71. 
a4 wins.  Thanks for a tough game!} 
 1-0

[Event "HCL-C4129"]
[Site "www.playchess.de"]
[Date "2006.02.07"]
[Round "1"]
[White "Kaspov"]
[Black "Henri"]
[WhiteElo "1014"]
[BlackElo "790"]
[PlyCount "23"]
[Result "1-0"]

1.e4 e5 {Bonjour et Bonne partie}  2.Nf3 Nc6 3.Bb5 
a6 4.Bxc6 bxc6 5.Nxe5 Nh6 6.d4 d6 7.Nxc6 Qh4 8.Nc3 
Bb7 9.d5 g6 10.Qd4 Rg8 11.Qa4 Bxc6 
12.Qxc6+ 1-0

[Event "HCL-A2568"]
[Site "www.playchess.de"]
[Date "2006.02.07"]
[Round "10"]
[White "Chas"]
[Black "cabe"]
[WhiteElo "1425"]
[BlackElo "1438"]
[PlyCount "59"]
[Result "1-0"]

1.e4 e5 {Hello again (Long time ago). Have a good 
game!}  2.Nf3 {Thank you, and all the best.  Have 
we played before?}  Nf6 {Yes, in november 2004 
(you won). You're from Lancashire, I'm from 
Amsterdam.}  3.Nxe5 {Thanks again, I remember now, 
not the game, but we had a chat, you had visited 
uk lancashire/cumbria}  d6 {That's me allright!}  
4.Nf3 Nxe4 5.d4 d5 6.Bd3 Bd6 7.O-O O-O 8.Nbd2 f5 
9.Re1 b6 10.Nf1 Nc6 11.c3 Be6 12.Qa4 Qd7 13.Bb5 
Qf7 14.Bxc6 Rac8 15.Qc2 Bd7 16.Bxd7 Qxd7 17.b3 
Rfe8 18.a4 a5 19.Ba3 c5 20.Re3 Bf4 21.Rd3 c4 
22.bxc4 dxc4 23.Rdd1 Qd5 24.Rab1 Rcb8 25.Rb5 Qe6 
26.Bc1 Bxc1 27.Qxc1 f4 28.Re1 Qf6 29.Re5 Ref8 
30.R1xe4 1-0

[Event "HCL-A2471"]
[Site "www.playchess.de"]
[Date "2006.02.07"]
[Round "16"]
[White "taroak"]
[Black "AidyT"]
[WhiteElo "1455"]
[BlackElo "1345"]
[PlyCount "55"]
[Result "1-0"]

1.e4 {Good Luck}  e5 {good luck to you too.}  
2.Nf3 Nc6 3.Bb5 a6 4.Ba4 Nf6 5.O-O Bc5 6.c3 b5 
7.Bb3 O-O 8.d4 exd4 9.cxd4 Ba7 10.d5 Ne7 11.e5 Ne8 
12.Nc3 d6 13.Bf4 Bg4 14.h3 Bh5 15.Ne4 dxe5 16.Bxe5 
h6 17.g4 Bg6 18.Ng3 Nd6 19.Nd4 f6 20.Ne6 Qc8 
21.Nxf8 Kxf8 22.Bf4 Nc4 23.Rc1 Nxb2 24.Qf3 Nd3 
25.Rxc7 Qd8 26.d6 Nc8 27.Nf5 Nb6 
28.Rxg7 1-0

[Event "HCL-E1536"]
[Site "www.playchess.de"]
[Date "2006.02.07"]
[Round "20"]
[White "PLAYCHESS1963"]
[Black "wurmt"]
[WhiteElo "1692"]
[BlackElo "1506"]
[PlyCount "41"]
[Result "1/2-1/2"]

1.e4 e5 {Happy New Year!}  2.Nf3 {to you too!}  
Nc6 3.Bc4 Bc5 4.c3 Nf6 5.d4 exd4 6.cxd4 Bb4+ 7.Nc3 
Nxe4 8.O-O Bxc3 9.d5 Bf6 10.Re1 Ne7 11.Rxe4 d6 
12.Bg5 Bxg5 13.Nxg5 h6 14.Qe2 hxg5 15.Re1 Be6 
16.dxe6 f6 17.Re3 d5 18.Bd3 Qd6 19.g3 O-O-O 20.Qg4 
Kb8 21.f4 {(offering draw)}  1/2-1/2

[Event "HCL-A2434"]
[Site "www.playchess.de"]
[Date "2006.02.07"]
[Round "22"]
[White "golddim"]
[Black "saemi"]
[WhiteElo "1506"]
[BlackElo "1601"]
[PlyCount "75"]
[Result "1-0"]

1.e4 {Hello and good luck!}  e5 {Hi}  2.f4 exf4 
3.Nf3 g5 4.Bc4 g4 5.O-O gxf3 6.Qxf3 Qf6 7.e5 Qxe5 
8.Bxf7+ Kxf7 9.d4 Qf5 10.g4 Qf6 11.Bxf4 Bh6 12.g5 
Bxg5 13.Qh5+ Qg6 14.Bxg5+ Kg7 15.Qxg6+ Kxg6 16.Rf8 
Kxg5 17.Rxc8 Kg6 18.Nc3 Kg7 19.Nd5 Ne7 20.Rxh8 
Kxh8 21.Nxc7 Na6 22.Nxa8 Kg7 23.Rf1 Nd5 24.c3 Ne3 
25.Rf3 Nd5 26.Kf2 Nf6 27.a4 Kf7 28.b4 Ke7 29.b5 
Nb8 30.Nc7 Ne4+ 31.Kg2 Kd6 32.Ne8+ Kd5 33.Nf6+ 
Nxf6 34.Rxf6 d6 35.Rf7 Ke6 36.Rxh7 Nd7 37.d5+ Kxd5 
38.Rxd7 1-0

[Event "HCL-M876"]
[Site "www.playchess.de"]
[Date "2006.02.07"]
[Round "10"]
[White "DANTONIFAYARD"]
[Black "ipakris"]
[WhiteElo "1693"]
[BlackElo "2267"]
[PlyCount "70"]
[Result "0-1"]

1.d4 Nf6 2.c4 e6 3.Nc3 Bb4 4.Qb3 c5 5.dxc5 Nc6 
6.Nf3 Ne4 7.a3 Bxc3+ 8.bxc3 Nxc5 9.Qc2 O-O 10.e4 
d6 11.Be2 b6 12.Bg5 f6 13.Bh4 Ne7 14.Rd1 Bb7 15.e5 
fxe5 16.Nxe5 Bxg2 17.Rg1 Be4 18.Qc1 Qc7 19.Ng4 Kh8 
20.Qg5 Ng6 21.Bg3 Rad8 22.h4 Bb7 23.Qe3 Ne7 24.h5 
Nf5 25.Qc1 h6 26.Bf4 Qf7 27.f3 Qxh5 28.Nf2 e5 
29.Rh1 Nh4 30.Bg3 Nxf3+ 31.Bxf3 Qxf3 32.Rxh6+ Kg8 
33.Qg5 Ne4 34.Nxe4 Bxe4 35.Rh2 
Qf1+ 0-1

[Event "HCL-E1569"]
[Site "www.playchess.de"]
[Date "2006.02.07"]
[Round "32"]
[White "BohdanL"]
[Black "carlosmadeira"]
[WhiteElo "1532"]
[BlackElo "1556"]
[PlyCount "43"]
[Result "1-0"]

1.c4 {hi,have a nice game}  d5 {THANKS for you 
too}  2.cxd5 Qxd5 3.Nc3 Qd6 4.d4 c5 5.d5 Nf6 6.e4 
e5 7.Bd3 Be7 8.Bg5 a6 9.a4 O-O 10.Qd2 Nbd7 11.Nge2 
Nb6 12.a5 Nbd7 13.Ng3 b5 14.Nf5 Qc7 15.Nxe7+ Kh8 
16.O-O c4 17.Bc2 b4 18.Ne2 Qc5 19.Nf5 Ng8 20.Be3 
Qb5 21.Ba4 Qb8 22.Bc6 1-0

[Event "HCL-A2560"]
[Site "www.playchess.de"]
[Date "2006.02.07"]
[Round "7"]
[White "RUDI"]
[Black "Matu"]
[WhiteElo "1246"]
[BlackElo "1510"]
[PlyCount "60"]
[Result "0-1"]

1.d4 {Hallo}  d5 {hi}  2.Nf3 Bg4 3.h3 Bxf3 4.exf3 
Nf6 5.Nc3 c6 6.Bd3 e6 7.O-O Bd6 8.Be3 Nbd7 9.Ne2 
Rc8 10.b3 c5 11.c4 a6 12.dxc5 Bxc5 13.a3 Bxe3 
14.fxe3 Ne5 15.Nd4 Nxd3 16.Qxd3 dxc4 17.bxc4 e5 
18.Rfd1 exd4 19.exd4 O-O 20.Rab1 Qd7 21.d5 Rfd8 
22.Qd4 b5 23.Rbc1 Rxc4 24.Rxc4 bxc4 25.Qxc4 Qb7 
26.d6 Qc8 27.Qc7 Qxc7 28.dxc7 Rxd1+ 29.Kf2 Rc1 
30.Ke3 Rxc7 0-1

[Event "HCL-B3865"]
[Site "www.playchess.de"]
[Date "2006.02.07"]
[Round "8"]
[White "indi74"]
[Black "errantknight"]
[WhiteElo "1200"]
[BlackElo "1202"]
[PlyCount "95"]
[Result "1-0"]

1.e4 e5 2.Nf3 d6 3.d4 Be7 4.Nc3 exd4 5.Qxd4 Bf6 
6.Qe3 Ne7 7.Be2 Nbc6 8.O-O Nb4 9.Bb5+ Bd7 10.Qe2 
O-O 11.a4 a6 12.Bxd7 Qxd7 13.Qd2 Nbc6 14.Re1 Rfd8 
15.b3 Ne5 16.Qe2 N7g6 17.Nxe5 Bxe5 18.Bb2 c6 
19.Qf3 Nh4 20.Qh5 Ng6 21.a5 Nf4 22.Qf5 Qxf5 
23.exf5 Nd5 24.Nxd5 Bxb2 25.Rab1 cxd5 26.Rxb2 Rde8 
27.Rxe8+ Rxe8 28.Rb1 f6 29.Kf1 Re5 30.g4 h5 31.h3 
hxg4 32.hxg4 Kf7 33.Rd1 g6 34.fxg6+ Kxg6 35.f3 {It 
is the good end of game !}  Kg5 36.Kf2 Kg6 37.f4 
Re4 38.Kf3 Rb4 39.Rxd5 Rb5 40.Rxb5 axb5 41.Ke4 Kf7 
42.Kd5 Ke7 43.g5 fxg5 44.fxg5 Kf7 45.Kxd6 Kg6 
46.c4 bxc4 47.bxc4 Kxg5 48.Kc7 1-0

[Event "HCL-A2554"]
[Site "www.playchess.de"]
[Date "2006.02.07"]
[Round "31"]
[White "Sobral"]
[Black "Zembla"]
[WhiteElo "1701"]
[BlackElo "1471"]
[PlyCount "55"]
[Result "1/2-1/2"]

1.d4 d5 {hi}  2.c4 {Hi from Sao Paulo, Brazil.}  
Nc6 {I live in Charlotte, NC}  3.Nf3 Bg4 4.cxd5 
Bxf3 5.gxf3 Qxd5 6.e3 e5 7.Nc3 Bb4 8.Bd2 Bxc3 
9.bxc3 Qd6 10.Qb3 Nge7 11.Qxb7 O-O 12.Bg2 Rab8 
13.Qa6 Rb2 14.Qd3 Rfb8 15.O-O Qg6 16.e4 exd4 
17.cxd4 Nd5 18.Rfb1 h5 19.Rxb2 Rxb2 20.Bc1 Rb4 
21.Bd2 Rxd4 22.Qe2 Nb6 23.Kh1 Qd6 24.Be3 Ra4 25.f4 
Qe6 26.Bf3 Nd4 27.Bxd4 Rxd4 28.Qc2 {(offering 
draw)}  1/2-1/2

[Event "HCL-C4142"]
[Site "www.playchess.de"]
[Date "2006.02.07"]
[Round "4"]
[White "Skipper_Robert"]
[Black "nichju"]
[WhiteElo "983"]
[BlackElo "1062"]
[PlyCount "39"]
[Result "1-0"]

1.d4 Nf6 2.e3 d6 3.Nc3 Nc6 4.Bd3 e5 5.Qe2 exd4 
6.exd4+ Be7 7.Nf3 Bg4 8.a3 Nxd4 9.Qe3 c5 10.Nxd4 
cxd4 11.Qxd4 O-O 12.h3 Be6 13.Be3 b6 14.O-O a5 
15.Qh4 d5 16.Bg5 g6 17.f4 Bc5+ 18.Kh1 Qd7 19.Bxf6 
Bf5 20.Qh6 1-0

[Event "HCL-B3801"]
[Site "www.playchess.de"]
[Date "2006.02.07"]
[Round "4"]
[White "eisbaer17"]
[Black "ariel1978"]
[WhiteElo "1210"]
[BlackElo "1332"]
[PlyCount "69"]
[Result "1-0"]

1.e4 e5 2.Nf3 Nc6 3.Bb5 d6 4.h3 Nf6 5.Nc3 Bd7 
6.O-O a6 7.Bxc6 Bxc6 8.d4 Nxe4 9.Nxe4 Bxe4 10.dxe5 
dxe5 11.Nxe5 Bd6 12.Bf4 O-O 13.Qg4 f5 14.Qg3 Rf6 
15.Rad1 Qe7 16.Rd2 Bxe5 17.Bxe5 Rg6 18.Qb3+ Kh8 
19.f3 Bxf3 20.Qxf3 Qxe5 21.Qxb7 Re8 22.Rfd1 Rge6 
23.Qf3 Qc5+ 24.Kh2 R6e3 25.Qd5 Qb4 26.Qd4 Qe7 
27.Qf4 {(offering draw)}  Re4 28.Qg3 f4 29.Qf3 Qg5 
30.Qxe4 Qg3+ 31.Kh1 Rg8 32.R2d8 h5 33.Rxg8+ Kxg8 
34.Qe8+ Kh7 35.Qxh5+ 1-0

[Event "HCL-B3759"]
[Site "www.playchess.de"]
[Date "2006.02.07"]
[Round "1"]
[White "dc"]
[Black "Aggie"]
[WhiteElo "885"]
[BlackElo "1308"]
[PlyCount "50"]
[Result "0-1"]

1.e4 {:-)}  Nf6 2.Nc3 d5 3.e5 Ne4 4.Qf3 Nxc3 
5.dxc3 Nc6 6.Bf4 Bf5 7.Bb5 Bxc2 8.Ne2 Be4 9.Qh3 e6 
10.Rd1 Qd7 11.O-O O-O-O 12.c4 a6 13.Bxc6 Qxc6 
14.Nd4 Qxc4 15.Bg5 Rd7 16.b3 Qc5 17.f3 Bg6 18.Kh1 
h6 19.Nxe6 fxe6 20.Rdc1 Qb6 21.Bf4 Bf5 22.g4 Bd3 
23.Rfd1 Be2 24.Rde1 Qf2 25.Bg3 
Bxf3+ 0-1

[Event "HCL-B3759"]
[Site "www.playchess.de"]
[Date "2006.02.07"]
[Round "2"]
[White "newplayer"]
[Black "dc"]
[WhiteElo "1051"]
[BlackElo "885"]
[PlyCount "70"]
[Result "0-1"]

1.e4 e5 {Again, we meet.  Best of luck!}  2.d4 
{thanks  for you too}  d5 3.dxe5 dxe4 4.Qxd8+ Kxd8 
5.Nd2 Bf5 6.c3 Nc6 7.f4 exf3 8.Ngxf3 Bc5 9.b4 Bb6 
10.a4 f6 11.exf6 Nxf6 12.Bb5 Re8+ 13.Kd1 Kd7 
14.Nd4 Bg4+ 15.N2f3 Rad8 16.Bg5 a6 17.Bxc6+ bxc6 
18.h3 h6 19.Bxf6 gxf6 20.hxg4 Kc8 21.Rxh6 c5 
22.bxc5 Bxc5 23.Rxf6 Bxd4 24.cxd4 Reg8 25.Rxa6 
Rxg4 26.Ra8+ Kd7 27.Ne5+ Ke6 {(offering draw)}  
28.Rxd8 {smile i still think i win this one}  Rxg2 
29.Rc1 Ke7 30.Ra8 Kd6 31.a5 Kd5 32.Rd8+ Ke4 
33.Rxc7 Ra2 34.Nc4 Kd3 35.d5 Ra1+ 0-1

[Event "HCL-T256"]
[Site "www.playchess.de"]
[Date "2006.02.07"]
[Round "21"]
[White "gsmaior"]
[Black "BohdanL"]
[WhiteElo "2001"]
[BlackElo "1506"]
[PlyCount "39"]
[Result "1-0"]

1.e4 e5 2.f4 exf4 {hi, nice to meet you again, 
have a nice game}  3.Nf3 {hello, the pleasure is 
mine too, a good game for you !}  d5 {thanks}  
4.exd5 Nf6 5.Nc3 Nxd5 6.Nxd5 Qxd5 7.d4 Be7 8.Bd3 
Bd6 9.O-O O-O 10.c4 Qe6 11.Bxh7+ Kh8 12.c5 Be7 
13.Re1 Qf6 14.Bc2 Bf5 15.Bxf5 Bxc5 16.Be4 Rd8 
17.Qa4 Bxd4+ 18.Nxd4 Qxd4+ 19.Qxd4 Rxd4 
20.Bxb7 1-0

[Event "HCL-C4138"]
[Site "www.playchess.de"]
[Date "2006.02.07"]
[Round "5"]
[White "Tribun"]
[Black "pera"]
[WhiteElo "400"]
[BlackElo "984"]
[PlyCount "92"]
[Result "0-1"]

1.e4 e5 2.Nf3 Nc6 3.d3 Nd4 4.Nfd2 Bc5 5.Nc4 Qf6 
6.f3 b5 7.Ne3 a5 8.c3 Nc6 9.Nd5 Qe6 10.Qb3 Qd6 
11.Qxb5 Ba6 12.Qb3 Rb8 13.Qa4 Bb5 14.Qc2 Nf6 
15.Na3 Nxd5 16.exd5 Qxd5 17.d4 Bxf1 18.Rxf1 Bxa3 
19.bxa3 O-O 20.Kf2 exd4 21.Bf4 d6 22.c4 Qc5 23.Kg1 
d3+ 24.Qf2 Qxc4 25.Rac1 Qd5 26.Rcd1 Ne5 27.Bxe5 
dxe5 28.a4 c5 29.Qd2 c4 30.Rdc1 Rb4 31.Qg5 Rxa4 
32.Rca1 c3 33.Qc1 c2 34.Rf2 Qd4 35.Qd2 Rc8 36.Rc1 
Rxa2 37.Kh1 Ra1 38.Rff1 Rxc1 39.Rxc1 a4 40.h3 a3 
41.Qa5 d2 42.Rxc2 d1Q+ 43.Kh2 Qxc2 44.Qxa3 Qf4+ 
{thanks for the game.}  45.Kg1 {thank you 
too,maybe next time I have a chance?-Nice Day for 
you}  Qd1+ {You have a lot of potential, more than 
I do...}  46.Kf2 {Yes,I am looser with practise 
:)}  Rc2+ 0-1